2025 MLB Batting Leaders - Statistics

General Stats
  • This quiz has been taken 44 times
  • The average score is 21 of 30
Answer Stats
Category 1st % Correct
AVG Aaron Judge
97%
OPS Aaron Judge
97%
R Aaron Judge
97%
BB Aaron Judge
97%
HR Cal Raleigh
97%
RBI Cal Raleigh
97%
RBI Kyle Schwarber
94%
HR Kyle Schwarber
94%
R Shohei Ohtani
94%
OPS Shohei Ohtani
94%
HR Shohei Ohtani
94%
BB Juan Soto
72%
R Juan Soto
72%
H Bobby Witt Jr.
69%
2B Bobby Witt Jr.
69%
RBI Pete Alonso
67%
2B Pete Alonso
67%
3B Corbin Carroll
58%
2B Bo Bichette
56%
AVG Bo Bichette
56%
H Bo Bichette
56%
SB José Ramirez
56%
SB Chandler Simpson
47%
3B Jarren Duran
47%
SB Jose Caballero
47%
H Luis Arraez
42%
OPS George Springer
31%
AVG Jacob Wilson
31%
BB Rafael Devers
31%
3B Jung Hoo Lee
22%
No matching quizzes found
Score Distribution
Percent of People with Each Score
Percentile by Number Answered
Your Score History
You have not taken this quiz